Education, training, and skill development in India : (Record no. 74755)

MARC details
000 -LEADER
fixed length control field 01038nam a22002657a 4500
005 - DATE AND TIME OF LATEST TRANSACTION
control field 20130422113421.0
008 - FIXED-LENGTH DATA ELEMENTS--GENERAL INFORMATION
fixed length control field 130422b xxu||||| |||| 00| 0 eng d
010 ## - LCCN (DPL NO)
LC control number ENG-106947
020 ## - INTERNATIONAL STANDARD BOOK NUMBER
International Standard Book Number 9788177082739
Terms of availability 1960.00
035 ## - SYSTEM CONTROL NUMBER
System control number EN-90480
037 ## - SOURCE OF ACQUISITION
Source of stock number/acquisition DBAD/PUB
040 ## - CATALOGING SOURCE
Original cataloging agency DPL
Language of cataloging Eng
082 00 - DEWEY DECIMAL CLASSIFICATION NUMBER
Classification number 371.2070954
Edition number 23
245 00 - TITLE STATEMENT
Title Education, training, and skill development in India :
Remainder of title first five year plan (1951-56) to eleventh five year plan (2007-12) /
Statement of responsibility, etc edited by Rameshwari Pandya
260 ## - PUBLICATION, DISTRIBUTION, ETC. (IMPRINT)
Place of publication, distribution, etc New Delhi
Name of publisher, distributor, etc New Century Publications
Date of publication, distribution, etc 2011
270 ## - ADDRESS
Address 4800/24, Bharat Ram Road, Ansari Road, Darya Ganj
City New Delhi
Postal code 110002
300 ## - PHYSICAL DESCRIPTION
Extent xxv, 488 p.
Dimensions 25cm(Hb)
500 ## - GENERAL NOTE
General note Includes bibliographical references (p. [475]-478) and index.
650 #0 - SUBJECT ADDED ENTRY--TOPICAL TERM
Topical term or geographic name as entry element Educational planning
Geographic subdivision India.
650 #0 - SUBJECT ADDED ENTRY--TOPICAL TERM
Topical term or geographic name as entry element Education and state
Geographic subdivision India.
650 #0 - SUBJECT ADDED ENTRY--TOPICAL TERM
Topical term or geographic name as entry element Vocational education
Geographic subdivision India
General subdivision Planning.
650 #0 - SUBJECT ADDED ENTRY--TOPICAL TERM
Topical term or geographic name as entry element Occupational training
Geographic subdivision India
General subdivision Planning.
700 1# - ADDED ENTRY--PERSONAL NAME
Personal name Pandya, Rameshwari
942 ## - ADDED ENTRY ELEMENTS (KOHA)
Source of classification or shelving scheme Dewey Decimal Classification
Item type English Books
Classification part 371.2070954
Call number suffix EDU
Holdings
Withdrawn status Lost status Source of classification or shelving scheme Damaged status Not for loan Collection code Home library Current library Date acquired Source of acquisition Cost, normal purchase price Total Checkouts Full call number Barcode Date last seen Copy number Cost, replacement price Koha item type
    Dewey Decimal Classification   Not For Loan Non-fiction D.B.Act.Division D.B.Act.Division 22/04/2013 DBAD/PUB 1960.00   371.2070954 EDU EN-90480 22/04/2013 1 1960.00 English Books

© Delhi Public Library
Hit Counter
free hit counter